Dying Words in Lord of the Rings Films Quiz Stats

 Plays Quiz not verified by Sporcle

Score 0/11 Timer 03:00
0 Plays Today
% Correct
Gollum
93.3%
Gandalf the Grey
92.2%
Boromir
90.9%
The Witch-King of Angmar
85.2%
Denethor
83.1%
Théoden
80.5%
Grishnákh
75.2%
Saruman
73.3%
The Mouth of Sauron
68.9%
Sharku
63.1%
Sauron
56.5%

You're not logged in!

Compare scores with friends on all Sporcle quizzes.
OR
Log In

Show Comments

Extras

Top Quizzes Today


Score Distribution

Your Account Isn't Verified!

In order to create a playlist on Sporcle, you need to verify the email address you used during registration. Go to your Sporcle Settings to finish the process.

Report this User

Report this user for behavior that violates our Community Guidelines.

Details: